Villes de France aux noms loufoques - Carte Quiz - Statistiques

Statistiques générales
  • Ce quiz a été pris 72 fois
  • Le résultat moyen est 4 sur 15
Réponses sur la Carte
Les réponses sont colorées sur une échelle allant du rouge au vert en fonction du pourcentage des utilisateurs qui les ont devinées à leur premier essai. Vous pouvez retrouver ces pourcentages ci-dessous.
 
Statistiques - réponses
Réponse % Correct
Montcuq
74%
Bitche
70%
Bezons
43%
Chatte
31%
Corps-Nuds
31%
Poil
30%
Duranus
26%
Sallespisse
26%
Viols-le-Fort
26%
Monteton
18%
Mouais
18%
Le-Cercueil
15%
Sainte-Verge
13%
Villechauve
8%
Deux-Verges
5%
Aucun quiz correspondant
Distribution des résultats
% des personnes avec chaque résultat
Percentile par nombre de réponses
Votre historique - résultats
Vous n’avez pas pris ce quiz